000 01021nac a22003137a 4500
001 BR7902220
003 BR-BrBNA
005 20240105114421.0
008 230509b bl.|||m| |||| 00| 0 por d
040 _aBR-BrBNA
_bpor
_cBiblioteca Nacional de Agricultura
072 _aE15
090 _a2250 BR7902220
100 1 _aBrandao, A.L. de A.
100 1 _aTafani, R.R.
100 1 _aLima, L.P.
110 1 _aCentro de Pesquisas do Cacau, Ilheus, BA (Brasil)
_91631
245 1 _aEstimativas dos custos de producao de cravo-da-india na regiao cacaueira da Bahia [Brasil]
260 3 _aIlheus, BA (Brasil):
_c1978.
300 _a15 p.
490 _aBoletim Tecnico - Centro de Pesquisas do Cacau (Brazil)
_vno. 61
_xISSN 0100-0845
500 _a10 tables; 7 ref.; Summary (Pt)
650 _aCRAVO DA INDIA
650 _aCUSTO DE PRODUCAO
650 _aPRODUTIVIDADE
650 _aBAHIA
856 4 0 _dLink DSPACE/MAPA BR7902220
909 _a202312
_bLúcia Elande
_c55
_dLúcia Elande
942 _2AGRIS
_n0
_cMS
999 _c269231
_d269231